000 00487nam a2200205Ia 4500
003 0100
008 130227s9999 xx 000 0 und d
020 _a0878084096
040 _cARRUPELIB
050 _aBR1453.Z3S5
100 _aShewmaker, Stan
245 _aTonga Christianity
260 _aSouth Pasadena
260 _bWilliam Carey Library
260 _C1970
300 _axv
300 _b 199p 23cm
650 _bMedia--Religious aspects--Christianity
942 _2lcc
_07
999 _c2993
_d2993